000 00285nam a2200121Ia 4500
008 190216s9999||||xx |||||||||||||| ||und||
100 _aThakazhi
245 0 _aAnubhavangal Paalichakal
260 _bD C Books Kerala
_c1976
300 _a187p
650 _aMalayalam Novel
942 _cBK
999 _c27358
_d27358